MARC

LEADER 00000nam0a2200000 4500
001 272718
005 20231101234549.0
035 |a (RuTPU)RU\TPU\book\295927 
090 |a 272718 
100 |a 20141021d1987 m y0rusy50 ca 
101 0 |a rus 
102 |a RU 
105 |a a j 001zy 
200 1 |a Практикум по математической статистике  |e учебное пособие для вузов  |f Л. В. Богачев [и др.]  |g Московский государственный университет им. М. В. Ломоносова (МГУ) ; под ред. Н. С. Бахвалова 
210 |a Москва  |c Изд-во МГУ  |d 1987 
215 |a 124 с.  |c ил. 
320 |a Библиогр.: с. 121-122 
606 1 |a Математическая статистика  |2 stltpush  |3 (RuTPU)RU\TPU\subj\41210  |9 61018 
610 1 |a статистические модели 
610 1 |a статистические параметры 
610 1 |a оценивание 
610 1 |a случайные последовательности 
610 1 |a статистические таблицы 
610 1 |a статистический анализ 
610 1 |a практикумы 
610 1 |a учебные пособия 
675 |a 519.22(076.5)  |v 3 
701 1 |a Богачев  |b Л. В. 
701 1 |a Гуревич  |b Б. М. 
701 1 |a Малютов  |b М. Б. 
701 1 |a Прохоров  |b А. В. 
702 1 |a Бахвалов  |b Н. С.  |4 340 
712 0 2 |a Московский государственный университет им. М. В. Ломоносова (МГУ)  |2 stltpush  |3 (RuTPU)RU\TPU\col\7 
801 1 |a RU  |b 63413507  |c 20141021 
801 2 |a RU  |b 63413507  |c 20161229  |g RCR 
942 |c BK